000
00189 a2200097 4500
020
_a
9781558857063
041
_a
eng
100
_a
Carlos Cisneros
245
_a
The land grant
942
_c
BK
999
_c
13808
_d
13808